| 000 | 00000nas 2200000za 4500 |
| 001 | 9.841039 |
| 003 | CaOODSP |
| 005 | 20221107152006 |
| 007 | cr ||||||||||| |
| 008 | 170803d19801991nscmr p oss f0###b0fre|d |
| 040 | |aCaOODSP|bfre |
| 041 | |aeng|afre |
| 043 | |an-cn-ns|an-cn-nk|an-cn-pi |
| 086 | 1 |aCS10-0013-PDF |
| 245 | 00|aAtlantic Provinces monthly economic indicator report |h[ressource électronique] = |bProvinces de l'Atlantique rapport mensuel de l'indicateur économique. |
| 246 | 11|aProvinces de l'Atlantique rapport mensuel de l'indicateur économique |
| 246 | 10|aEconomic indicator |
| 246 | 10|aRapport mensuel de l'indicateur économique |
| 246 | 10|aIndicateur économique |
| 260 | |aHalifax, N.-E. : |bStatistics Canada, North American Life Centre = Statistique Canada, Centre North American Life, |c[198-?-1991] |
| 310 | |aMensuel |
| 362 | 0 |aJuin 1990-mars 1991? |
| 500 | |aÉdition numérisée de l’imprimé [par Statistique Canada]. |
| 500 | |aEn majeure partie des tableaux. |
| 500 | |aTitre de la couv. |
| 546 | |aTexte en anglais et en français. |
| 692 | 07|2gccst|aStatistique |
| 692 | 07|2gccst|aIndicateur économique |
| 710 | 1 |aCanada. |bStatistics Canada. |bAtlantic Office. |
| 791 | |tAtlantic Provinces monthly economic indicator report |eeng|w(CaOODSP)9.841038 |
| 986 | |a10F0013E |